<?xml version="1.0" encoding="UTF-8"?>
<record
    xmlns:xsi="http://www.w3.org/2001/XMLSchema-instance"
    xsi:schemaLocation="http://www.loc.gov/MARC21/slim http://www.loc.gov/standards/marcxml/schema/MARC21slim.xsd"
    xmlns="http://www.loc.gov/MARC21/slim">

  <leader>02344aaa a2200265 i 4500</leader>
  <controlfield tag="003">PE-LiUPU</controlfield>
  <controlfield tag="005">20250220160051.0</controlfield>
  <controlfield tag="007">ta</controlfield>
  <controlfield tag="008">250220s2004||||sp|||||| |||| 00| 0 spa d</controlfield>
  <datafield tag="020" ind1=" " ind2=" ">
    <subfield code="a">84-475-2836-7</subfield>
  </datafield>
  <datafield tag="040" ind1=" " ind2=" ">
    <subfield code="b">spa</subfield>
    <subfield code="c">CRAI UPeU</subfield>
    <subfield code="e">rda</subfield>
  </datafield>
  <datafield tag="082" ind1=" " ind2=" ">
    <subfield code="a">664</subfield>
    <subfield code="b">Q6</subfield>
  </datafield>
  <datafield tag="100" ind1=" " ind2=" ">
    <subfield code="a">Boatella Riera, Josep</subfield>
    <subfield code="d">1955-</subfield>
    <subfield code="e">Coordinador</subfield>
    <subfield code="9">5018</subfield>
  </datafield>
  <datafield tag="110" ind1=" " ind2=" ">
    <subfield code="a">Universitat de Barcelona. Publicacions i Edicions</subfield>
    <subfield code="9">5019</subfield>
  </datafield>
  <datafield tag="245" ind1=" " ind2="0">
    <subfield code="a">Qu&#xED;mica y Bioqu&#xED;mica de los Alimentos II</subfield>
    <subfield code="c">Josep Boatella Riera, Rafael Codony Salcedo, Pedro L&#xF3;pez Alegret (Coordinadores)</subfield>
    <subfield code="h">Recurso electr&#xF3;nico</subfield>
  </datafield>
  <datafield tag="264" ind1=" " ind2=" ">
    <subfield code="a">Barcelona, Espa&#xF1;a</subfield>
    <subfield code="b">Publicacions i Edicions de la Universitat de Barcelona</subfield>
    <subfield code="c">2004</subfield>
  </datafield>
  <datafield tag="300" ind1=" " ind2=" ">
    <subfield code="a">1 recurso en l&#xED;nea (PDF, 250 p&#xE1;ginas)</subfield>
    <subfield code="b">ilustraciones</subfield>
  </datafield>
  <datafield tag="500" ind1=" " ind2=" ">
    <subfield code="a">Recurso electr&#xF3;nico disponible en formato PDF.</subfield>
  </datafield>
  <datafield tag="504" ind1=" " ind2=" ">
    <subfield code="a">Incluye referencias bibliogr&#xE1;ficas.</subfield>
  </datafield>
  <datafield tag="505" ind1="0" ind2=" ">
    <subfield code="a">Introducci&#xF3;n -- Propiedades funcionales de los ingredientes de los alimentos: introducci&#xF3;n a las bases te&#xF3;ricas / J. Boatella, J. Estelrich, R. Codony, F. Guardiola, M. Rafecas -- Pat&#xE9; de salm&#xF3;n ahumado en lata / Director de I+D LA PIARA S.A. (Grupo NUTREXPA) -- Anillas de calamar estructuradas / Albert Monferrer, BDN Ingenier&#xED;a de Alimentaci&#xF3;n, S.L. -- Croquetas / Albert Monferrer, BDN Ingenier&#xED;a de Alimentaci&#xF3;n, S.L. -- Flan en polvo / Jorge A. R&#xED;os Pardo, Product Development Controller United Biscuits Southern Europe -- Pan de molde / Xavier Llavina Nadal, Xavier Pujol Fornos, Centro de I+D Bimbo -- Mermeladas y confituras / Vicente Fuster, Director de Calidad de D. y C. Helios -- Producto graso equilibrado / Albert Sabat&#xE9; Mir, T500 PURATOS S.A. KAM Refiner&#xED;a -- Salsas / Teresa Monfort, Ferer Alimentaci&#xF3;n S.A.</subfield>
  </datafield>
  <datafield tag="520" ind1=" " ind2=" ">
    <subfield code="a">Este libro aborda los principios fundamentales de la qu&#xED;mica y bioqu&#xED;mica de los alimentos, incluyendo su estructura, propiedades y procesos de transformaci&#xF3;n. Es una obra de referencia para estudiantes y profesionales de la industria alimentaria.</subfield>
  </datafield>
  <datafield tag="856" ind1=" " ind2=" ">
    <subfield code="3">Texto completo en PDF</subfield>
    <subfield code="u">https://upeuedupe-my.sharepoint.com/:b:/g/personal/crai_upeu_edu_pe/ERRqK64CyCdOmZUhrXKcHoMBTIxLN0ly9RqMTmZtmfnJVw?e=IteJBa</subfield>
    <subfield code="y">Acceder al libro en l&#xED;nea</subfield>
    <subfield code="z">Disponible para usuarios de la biblioteca</subfield>
  </datafield>
  <datafield tag="942" ind1=" " ind2=" ">
    <subfield code="2">ddc</subfield>
    <subfield code="c">EB</subfield>
  </datafield>
  <datafield tag="980" ind1=" " ind2=" ">
    <subfield code="6">1</subfield>
    <subfield code="a">ALBERTO SANCHEZ Responsable de Automatizaci&#xF3;n</subfield>
    <subfield code="8">1</subfield>
    <subfield code="g">ALBERTO SANCHEZ Responsable de Automatizaci&#xF3;n</subfield>
  </datafield>
  <datafield tag="999" ind1=" " ind2=" ">
    <subfield code="c">62847</subfield>
    <subfield code="d">62846</subfield>
  </datafield>
</record>
